000 01197nam a2200253 4500
001 77236
003 BD-RjUL
005 20211209082940.0
008 200304s2014 bg ||||| |||| 00| 0 ben d
020 _c: Tk. 120.00
035 _a(BD-RjUL)77461
040 _aBD-RjUL
_bben/eng
_cBD-RjUL
_dBD-RjUL
041 _aben
082 _223
_aB 370.92
_bSAR 2014
245 0 0 _aস্মরণে আ ন ম সালেহ্:
_bজীবন ও কর্মের স্মৃতি সম্ভার /
_cসম্পাদনা: আমিনুল ইসলাম সুজন
260 _aঢাকা:
_bমাদার বখশ-সালেহ ফাউণ্ডেশন,
_c২০১৪
300 _a২১২ পৃ. :
_bচিত্র ;
_c২৪ সেমি.
600 _aসালেহ, আ ন ম,
_d১৯৫২-২০১১
_xজীবনী
_9240413
600 _aSaleh, A. N. M. ,
_d1952-2011
_xBiography
_9240414
650 _aশিক্ষাবিদ
_zবাংলাদেশ
_xজীবনী
_9240411
650 _aEducators
_zBabgladesh
_xBiography
_9240412
700 _aসুজন, আমিনুল ইসলাম, সম্পাদক
_9240415
942 _2ddc
_cBK
999 _c77236
_d77236